000 00422nam a22001697a 4500
999 _c528873
_d528873
003 NUST
020 _qH/B.
038 _awaseem
082 _a891.4390
_bBAN
100 _aBano, Shanaz
_920689
245 _aWatan Ki Beti /
_cShanaz Bano
260 _aKarachi :
_bAgai matobate,
_c2019.
300 _a304 p. ;
880 _6100-01\r
_aشہناز بانو
880 _6245-02\r
_aوطن کی بیٹی /
942 _2ddc
_cBK